| 000 | 00452nam a2200157 4500 | ||
|---|---|---|---|
| 005 | 20260211143618.0 | ||
| 008 | 260211b |||||||| |||| 00| 0 eng d | ||
| 041 | _aEnglish | ||
| 082 |
_aF 610.73 GRO _bB12210 |
||
| 100 |
_aGrover, Vikas _9216714 |
||
| 245 |
_aAIIMS Norcet-9 Nursing Officer 'B' _bCommen elegibility Test CBT Stage I |
||
| 260 |
_aNew Delhi _bAIIMS Norcet -9 _c2025 |
||
| 300 |
_a292p _bpb |
||
| 365 |
_aRupaye _b260 _cINR |
||
| 942 | _cBK | ||
| 999 |
_c370411 _d370411 |
||